| 000 | 00976nam0a22002651 4500 | ||
|---|---|---|---|
| 001 | rc\136426 | ||
| 005 | 20250620203315.0 | ||
| 010 |
_a5-86913-001-8 _bОСОО "АНИР" |
||
| 035 | _a(NLR Aleph) 005409270 | ||
| 090 |
_a7356305 _c7356305 |
||
| 100 | _a20030307d1993 |||y0rusy50 ca | ||
| 101 | 0 | _arus | |
| 102 | _aRU | ||
| 105 | _aa ||||||||| | ||
| 200 | 1 |
_aМой поваренный учебник _e[Для детей _eПер. с англ.] _fУрсула Седжвик _gИл. И. Мейхью |
|
| 210 |
_aМ. _cОСОО "АНИР" _cСтудия "Дизайн-слово" _d[1993?] |
||
| 215 |
_a56, [17] с. _cцв. ил. _d28 |
||
| 300 | _aЗагл. пер.: Пальчики оближешь. Моя первая поваренная книга | ||
| 300 | _aНа пер. авт. не указан | ||
| 700 | 1 |
_aСэджвик _bУ. _gУрсула |
|
| 801 | 0 |
_aRU _bNLR _gpsbo |
|
| 801 | 1 |
_aRU _bELAR _2rusmarc |
|
| 852 |
_aNLR _j93-8/346 |
||
| 942 | _cBOOK | ||
| 980 | _aNB | ||